Odgadnij kraje po fragmentach flag 2 - Statystyki

Ogólne statystyki
  • Ten quiz został rozwiązany 69 razy
  • Średni wynik to 12 z 20
Statystyki odpowiedzi
Obrazkowy Odpowiedź % Poprawnych
Niemcy
100%
Iran
97%
Urugwaj
94%
Albania
87%
Kanada
86%
Filipiny
79%
Haiti
76%
Kazachstan
73%
Boliwia
65%
Palau
65%
Stany Zjednoczone
54%
Malawi
52%
Papua-Nowa Gwinea
44%
Turkmenistan
44%
Kuwejt
43%
Brunei
41%
Kongo
40%
Tuvalu
27%
Antigua i Barbuda
24%
Tanzania
19%
Nie znaleziono quizów pasujących do podanych kryteriów
Rozkład punktacji
Procent ludzi z każdym wynikiem
Percentyl według liczby udzielonych odpowiedzi
Twoja historia wyników
Nie rozwiązałeś tego quizu